L'Histoire en 10 questions #5 - Statistiques

Statistiques générales
  • Ce quiz a été pris 67 fois
  • Le résultat moyen est 4 sur 10
Statistiques - réponses
Hint Réponse % Correct
Dans quel pays se trouve la ville historique de Kyoto, ancienne capitale impériale ? Japon
100%
Quel grand fleuve traverse l’Égypte ? Nil
100%
Quel célèbre mur fut construit pour protéger l’Angleterre romaine des invasions du nord ? Le mur d'Hadrien
67%
Quel empire d'Amérique du Nord, basé dans l'actuel Mexique, pratiquait des sacrifices humains et fut conquis par Hernán Cortés ? Aztèque
59%
Quel souverain européen du XVIe siècle régnait à la fois sur l’Espagne, les Pays-Bas et le Saint-Empire romain germanique ? Charles Quint
48%
Quel personnage historique est devenu tsar de Russie à l'âge de 16 ans en 1547 et est surnommé "le Terrible" ? Ivan IV
30%
Quel empire a pris Constantinople en 1453, mettant fin à l’Empire byzantin ? L'empire Ottoman
6%
Quel empire africain, dont la capitale était Gao, a succédé à l’Empire du Mali ? Songhaï
3%
Quel royaume d’Asie du Sud-Est, dont la capitale était Ayutthaya, a prospéré du XIVe au XVIIIe siècle avant d’être détruit par les Birmans ? Ayutthaya
2%
Quel calife omeyyade a fait construire la Grande Mosquée de Damas au début du VIIIe siècle ? Al-Walid Ier
0%
Aucun quiz correspondant
Distribution des résultats
% des personnes avec chaque résultat
Percentile par nombre de réponses
Votre historique - résultats
Vous n’avez pas pris ce quiz